| 000 | 00591nam a2200205 a 4500 | ||
|---|---|---|---|
| 005 | 20210219155419.0 | ||
| 008 | 060529s2004 mx r 000 0 spa d | ||
| 020 | _a9506024731 | ||
| 035 | _aUPN01000144862 | ||
| 049 | _aCG | ||
| 050 | 4 |
_aB2430 D4.5 _bR4.3 |
|
| 100 | 1 | _aRajchman, John | |
| 245 | 1 | 0 |
_aDeleuze : _buna guía / _cJohn Rajchman ; tr. Elena Marengo. |
| 260 |
_aBuenos Aires : _bNueva Visión, _cc2004. |
||
| 300 | _a137 p. | ||
| 440 | 0 |
_aClaves. _pPerfiles |
|
| 534 |
_pTraducción de : _tThe Deleuze connections |
||
| 600 | 1 | 4 |
_aDELEUZE, GILLES, _d1925-1995 |
| 905 | _aLibro | ||
| 999 |
_c117009 _d117009 |
||